Hartland's Medical and Dental Hypnosis (Record no. 5507)

MARC details
000 -LEADER
fixed length control field 00637nam a22002297a 4500
003 - CONTROL NUMBER IDENTIFIER
control field OSt
005 - DATE AND TIME OF LATEST TRANSACTION
control field 20170202144101.0
008 - FIXED-LENGTH DATA ELEMENTS--GENERAL INFORMATION
fixed length control field 170202b xxu||||| |||| 00| 0 eng d
020 ## - INTERNATIONAL STANDARD BOOK NUMBER
International Standard Book Number 978-0443072178
020 ## - INTERNATIONAL STANDARD BOOK NUMBER
International Standard Book Number 0449072175
040 ## - CATALOGING SOURCE
Transcribing agency DMLN
082 ## - DEWEY DECIMAL CLASSIFICATION NUMBER
Classification number WU100 H351l 2002
100 ## - MAIN ENTRY--PERSONAL NAME
Personal name Heap, Michael; Aravind, Kottiyattil K.
9 (RLIN) 11488
245 ## - TITLE STATEMENT
Title Hartland's Medical and Dental Hypnosis
250 ## - EDITION STATEMENT
Edition statement 4th ed.
260 ## - PUBLICATION, DISTRIBUTION, ETC. (IMPRINT)
Place of publication, distribution, etc. Edinburgh; Churchill, 2002
300 ## - PHYSICAL DESCRIPTION
Extent xix,519p; ill: 23cm
504 ## - BIBLIOGRAPHY, ETC. NOTE
Bibliography, etc References, & index included
650 ## - SUBJECT ADDED ENTRY--TOPICAL TERM
Topical term or geographic name as entry element Dental Hypnosis
9 (RLIN) 11489
650 ## - SUBJECT ADDED ENTRY--TOPICAL TERM
Topical term or geographic name as entry element Dental proceedures
9 (RLIN) 11490
942 ## - ADDED ENTRY ELEMENTS (KOHA)
Source of classification or shelving scheme Other/Generic Classification Scheme
Koha item type Open Shelf
Holdings
Withdrawn status Lost status Source of classification or shelving scheme Damaged status Not for loan Home library Current library Date acquired Source of acquisition Inventory number Total Checkouts Full call number Barcode Date last seen Koha item type
    Other/Generic Classification Scheme     MUST Main Library MUST Main Library 02/02/2017   11/33094   WU100 H351l 2002 2017-0102 02/02/2017 Open Shelf